000 00755nam a2200205Ia 4500
005 20241216011350.0
008 190429s9999||||xx |||||||||||||| ||und||
082 _a610.736
_bC26
100 _aCARDENAS TAIPE, ROSITA BLANCA Y OSORIO LOPEZ, ZAID MARLENE
245 0 _aINFLUENCIA DEL NIVEL DE CONOCIMIENTO SOBRE FILOSOFIA E HISTORIA DE LA ENFERMERIA EN LA FORMACION ACADEMICA DE LOS ESTUDIANTES DEL PRIMER AÑO UNDAC TARMA JUNIO - AGOSTO DEL 2009
250 _a0
260 _aCERRO DE PASCO-PERU
_bUNDAC
_c2009
300 _a51 pag.
_c30 cm.
341 _h0
490 _v0
_a0
505 _aMATERIALES/METODOS/RESULTADOS/DISCUSION/RECOMENDACIONES
541 _aD
_bCARDENAS TAIPE ROSITA
_d07-Jul-10
_oSoles
650 _aEnfermería
942 _cTESIS
999 _c39856
_d39856